Statistiques concernant 3 indices, 1 film - Niveau Moyen

Cliquez ici pour prendre le quiz!

Statistiques générales

  • Ce quiz a été pris 202 fois
  • Le résultat moyen est 7 sur 10

Statistiques - réponses

HintRéponse% Correct
extraterrestre - velo - enfantE.T
98%
Tom Hanks - courir - chocolatForrest gump
92%
karaba - petit - film d'animationKirikou
82%
agent secret - comedie - francaisoss 117
80%
Fremen - ver de sable - guerreDune
75%
reve - toupie - NolanInception
74%
holocauste - camps - Spielbergla liste de Schindler
64%
vaisseau - monstre - espaceAlien
44%
danse - amour - jazzLalaland
43%
chateau - malediction - Gastonla belle et la bete
36%

Distribution des résultats

Percentile par nombre de réponses

% des personnes avec chaque résultat

Votre développement - résultats

Vous n’avez pas pris ce quiz